Použitie amperozidu, 4-[4,4-bis(flu=orfenzl)butzl]-N-etyl-1- piperazínkarboxamid. A 61K 31/495

Bibliographic Details
Main Author: Björk, Anders (Author)
Format: Book
Language:Undetermined
PhysicalDescription:5 s.
Published: Bratislava Úrad priemyselného vlastníctva SR 1999

MARC

LEADER 00000nam a2200000 a 4500
001 vtls001357251
003 SK-MaSNL
005 20260301114955.0
008 240314sm y0 xo 0 und
035 |a SNK000310744 
040 |a SNK  |b slo  |c SNK  |e AACR2 
044 |a xo  |c SK 
100 1 |a Björk, Anders  |4 aut  |9 459231 
245 1 0 |a Použitie amperozidu, 4-[4,4-bis(flu=orfenzl)butzl]-N-etyl-1- piperazínkarboxamid. A 61K 31/495 
260 |a Bratislava  |b Úrad priemyselného vlastníctva SR  |c 1999 
300 |a 5 s. 
999 |c 720461  |d 722391 
952 |t P60, <04>, [BOOK], {604}  |a SNK  |b SNK  |y VYP  |7 0  |p 17A0183290  |o snkSK 279237  |i snkPS 87/99  |0 0  |1 0  |4 0  |d 1999-03-09  |l 0  |r 2005-01-02 00:00:00  |w 2026-02-23